00883nam a2200253 a 450000100060000000300080000600500170001400800410003103500190007204000320009104100080012308200180013110000270014924500870017626000640026330000530032749000650038050400200044561000320046565000500049765000340054783000090058183000390059024313BD-RjUL20211209001032.0140313r19561953at ab 001 0 eng d a(BD-RjUL)24379 aDLCcIAYdIAYdBD-RjULbeng aeng a940.5394bWAM1 aWalker, Allan Seymour.10aMiddle East and Far East /cby Allan S. WalkernVolume IIpMiddle East and Far Eas aCanberra :bAustralian War Memorial,c1953 [reprinted 1956] axvi, 701 p. :billus., maps (part col.) ;c24 cm1 aAustralia in the war of 1939-1945. Series 5, Medical ;vv. 2 aIncludes index.10aAustralia.bAustralian Army 0aWorld War, 1939-1945xMedical carezAustralia 0aMedicine, MilitaryzAustralia 0vv. 2 0aAustralia in the war of 1939-1945.